[Event "6th European Individual Women's Championship"]
[Site "Chisinau MDA"]
[Date "2005.06.21"]
[EventDate "2005.06.11"]
[Round "10"]
[Result "0-1"]
[White "Betul Cemre Yildiz"]
[Black "Dagne Ciuksyte"]
[WhiteElo "2156"]
[BlackElo "2356"]
[PlyCount "106"]

1. e4 c5 2. Nf3 e6 3. b3 b6 4. c4 d6 5. d4 cxd4 6. Nxd4 Nf6
7. Nc3 Bb7 8. Bd3 Be7 9. O-O Nbd7 10. Qe2 a6 11. Bb2 O-O
12. Rad1 Re8 13. Bb1 Qc7 14. f4 g6 15. Kh1 Rad8 16. Qd3 Qb8
17. Rd2 Bf8 18. Bc2 Qa8 19. Re1 Bh6 20. Nde2 Nc5 21. Qh3 Bg7
22. Ng3 d5 23. e5 Nfe4 24. Ngxe4 dxe4 25. Red1 Rxd2 26. Rxd2
Rd8 27. Rxd8+ Qxd8 28. Qe3 Nd3 29. Bxd3 exd3 30. Nd1 Bh6
31. Bd4 b5 32. Nb2 bxc4 33. bxc4 Qa5 34. Qxd3 Bxf4 35. Bc3 Qc7
36. Qd4 Bh6 37. Bb4 Bxg2+ 38. Kxg2 Qb7+ 39. Kg3 Qxb4 40. Nd3
Qd2 41. c5 Bg7 42. c6 Bxe5+ 43. Qxe5 Qxd3+ 44. Kf4 Qc4+
45. Qe4 Qc1+ 46. Ke5 Qc5+ 47. Kf4 Kf8 48. Qa4 Ke7 49. Qxa6
Qf2+ 50. Kg5 f6+ 51. Kh6 Qxh2+ 52. Kg7 Qc7 53. Kxh7 Kf8+ 0-1

[Event "15th European Team Championship (Women)"]
[Site "Gothenburg SWE"]
[Date "2005.07.30"]
[EventDate "2005.07.30"]
[Round "1"]
[Result "1-0"]
[White "Betul Cemre Yildiz"]
[Black "Zhaoqin Peng"]
[WhiteElo "2155"]
[BlackElo "2405"]
[PlyCount "131"]

1. d4 d5 2. Nf3 Nf6 3. e3 c5 4. c3 Nbd7 5. Bd3 g6 6. Nbd2 Bg7
7. O-O O-O 8. e4 cxd4 9. cxd4 Nxe4 10. Nxe4 dxe4 11. Bxe4 Nf6
12. Bc2 Be6 13. Qe2 Rc8 14. Bd3 a6 15. Re1 Re8 16. b3 Qd6
17. Bc4 Bd5 18. Bb2 b5 19. Bxd5 Nxd5 20. Ne5 Nc3 21. Qe3 Nd5
22. Qf3 Bf6 23. Rac1 Nb4 24. Ng4 Bg5 25. Rxc8 Rxc8 26. Re5 f5
27. Rc5 Re8 28. Ne5 Nxa2 29. Rc6 Qb4 30. h4 Bxh4 31. Qd5+ e6
32. Rxe6 Rxe6 33. Qxe6+ Kg7 34. d5 Kh6 35. Nf7+ Kh5 36. Qe2+
Qg4 37. Qd2 Bg5 38. Nxg5 Qxg5 39. Qxg5+ Kxg5 40. d6 Nb4 41. d7
Nc6 42. Be5 a5 43. Bc7 a4 44. d8=Q+ Nxd8 45. Bxd8+ Kf4
46. bxa4 bxa4 47. Be7 g5 48. Kh2 Kg4 49. Kg1 f4 50. Kf1 f3
51. g3 h5 52. Ke1 Kf5 53. Kd2 g4 54. Kc3 Ke6 55. Bd8 Kd7
56. Bg5 Ke6 57. Kb4 Kd5 58. Kxa4 Ke4 59. Bd8 Kd3 60. Bb6 Kc4
61. Ba7 Kd3 62. Kb3 Kd2 63. Kc4 Ke2 64. Kd5 Kf1 65. Ke4 Kg2
66. Kf5 1-0

[Event "15th European Team Championship (Women)"]
[Site "Gothenburg SWE"]
[Date "2005.07.31"]
[EventDate "2005.07.30"]
[Round "2"]
[Result "1-0"]
[White "Jovanka Houska"]
[Black "Betul Cemre Yildiz"]
[WhiteElo "2342"]
[BlackElo "2155"]
[PlyCount "51"]

1. e4 d5 2. exd5 Qxd5 3. Nc3 Qa5 4. Bc4 Nf6 5. d3 c6 6. Bd2
Qc7 7. Qe2 g6 8. Nf3 Bg7 9. O-O O-O 10. Rfe1 e6 11. d4 Nbd7
12. a4 Nd5 13. Rad1 b6 14. Qe4 Bb7 15. Qh4 Nxc3 16. Bxc3 Rfd8
17. Ng5 Nf8 18. Ne4 h6 19. Nf6+ Kh8 20. d5 g5 21. Qh5 Qf4
22. Qxf7 Nd7 23. Qxg7+ Kxg7 24. Nh5+ Kg8 25. Nxf4 exd5 26. Ne6
1-0

[Event "15th European Team Championship (Women)"]
[Site "Gothenburg SWE"]
[Date "2005.08.01"]
[EventDate "2005.07.30"]
[Round "3"]
[Result "0-1"]
[White "Dagne Ciuksyte"]
[Black "Betul Cemre Yildiz"]
[WhiteElo "2341"]
[BlackElo "2155"]
[PlyCount "102"]

1. e4 d5 2. exd5 Qxd5 3. Nc3 Qa5 4. d4 Nf6 5. Nf3 c6 6. Bd2
Bf5 7. Bc4 e6 8. Nd5 Qd8 9. Nxf6+ Qxf6 10. c3 Bd6 11. O-O Bg4
12. Be2 Bf4 13. Bxf4 Qxf4 14. Ne5 Bxe2 15. Qxe2 Nd7 16. Rfd1
O-O-O 17. Nc4 Nf6 18. Qe5 Nd5 19. g3 Qxe5 20. dxe5 Rhf8
21. Rd4 f6 22. Rad1 fxe5 23. Nxe5 Rf5 24. f4 Rdf8 25. c4 Ne3
26. Rc1 g5 27. Re4 gxf4 28. gxf4 Rg8+ 29. Kf2 Ng4+ 30. Nxg4
Rxg4 31. Kf3 h5 32. b3 e5 33. Rxe5 Rgxf4+ 34. Ke3 Rxe5+
35. Kxf4 Re2 36. h3 Rxa2 37. Kg5 Ra3 38. Rb1 Ra5+ 39. Kh4 Re5
40. Ra1 a6 41. Rg1 Re3 42. Rb1 Re5 43. Rg1 Kc7 44. Rg7+ Kb6
45. Rg5 Rxg5 46. Kxg5 Kc5 47. Kxh5 b5 48. cxb5 cxb5 49. Kg6 a5
50. h4 a4 51. bxa4 bxa4 0-1

[Event "15th European Team Championship (Women)"]
[Site "Gothenburg SWE"]
[Date "2005.08.02"]
[EventDate "2005.07.30"]
[Round "4"]
[Result "0-1"]
[White "Betul Cemre Yildiz"]
[Black "Monica Calzetta Ruiz"]
[WhiteElo "2155"]
[BlackElo "2282"]
[PlyCount "64"]

1. e4 c5 2. Nc3 Nc6 3. g3 g6 4. Bg2 Bg7 5. d3 d6 6. Be3 Rb8
7. Qd2 b5 8. Nge2 b4 9. Nd1 Nd4 10. O-O Bg4 11. f3 Nxe2+
12. Qxe2 Bd7 13. f4 Nf6 14. Nf2 O-O 15. g4 Bc6 16. f5 Nd7
17. Rab1 Qa5 18. g5 gxf5 19. exf5 Bxg2 20. Kxg2 Qxa2 21. Ne4
Qd5 22. f6 exf6 23. gxf6 Bxf6 24. Qg4+ Kh8 25. Qxd7 Be5
26. Qf5 b3 27. Rf3 Rg8+ 28. Kf2 bxc2 29. Rc1 Rg6 30. Qxf7 Qxd3
31. Qf5 Bd4 32. Re1 c1=Q 0-1

[Event "15th European Team Championship (Women)"]
[Site "Gothenburg SWE"]
[Date "2005.08.03"]
[EventDate "2005.07.30"]
[Round "5"]
[Result "1-0"]
[White "Betul Cemre Yildiz"]
[Black "Tatjana Lematschko"]
[WhiteElo "2155"]
[BlackElo "2205"]
[PlyCount "81"]

1. d4 Nf6 2. Nf3 d6 3. Nbd2 g6 4. e4 Bg7 5. Bc4 O-O 6. O-O c6
7. Bb3 d5 8. e5 Ne8 9. Re1 Nc7 10. Nf1 Ne6 11. Be3 Na6 12. h4
Nac7 13. h5 Re8 14. N3h2 f5 15. exf6 exf6 16. hxg6 hxg6 17. c3
Nf8 18. Bc2 Be6 19. Qf3 Qd7 20. g4 Nb5 21. Qg3 Nd6 22. Bf4
Rad8 23. Nd2 Bf7 24. Rxe8 Nxe8 25. g5 Ne6 26. gxf6 Nxf4
27. Qxf4 Nxf6 28. Qg5 Nh7 29. Qg3 Qd6 30. f4 Nf6 31. Rf1 Nh5
32. Qg5 Qf6 33. Ng4 Qxg5 34. fxg5 Rf8 35. Nf3 Be8 36. Nfe5 Nf4
37. Kh2 Ne6 38. Nf6+ Kh8 39. Kg3 Nxg5 40. Rh1+ Bh6 41. Nxe8
1-0

[Event "15th European Team Championship (Women)"]
[Site "Gothenburg SWE"]
[Date "2005.08.04"]
[EventDate "2005.07.30"]
[Round "6"]
[Result "1/2-1/2"]
[White "Lenka Ptacnikova"]
[Black "Betul Cemre Yildiz"]
[WhiteElo "2204"]
[BlackElo "2155"]
[PlyCount "60"]

1. c4 e5 2. g3 g6 3. Bg2 Bg7 4. Nc3 Nc6 5. e4 d6 6. Nge2 Be6
7. d3 Qd7 8. Nd5 Nce7 9. d4 c6 10. Nxe7 Nxe7 11. d5 cxd5
12. cxd5 Bh3 13. Bxh3 Qxh3 14. Qa4+ Qd7 15. Qxd7+ Kxd7 16. Be3
f5 17. f3 h5 18. Rc1 Bh6 19. Bxh6 Rxh6 20. h4 Rhh8 21. Kd2 Ng8
22. Rc4 Nf6 23. Rhc1 Rhc8 24. Rxc8 Rxc8 25. Rxc8 Kxc8 26. Nc3
Kc7 27. Kd3 a6 28. b4 b5 29. Nd1 fxe4+ 30. fxe4 Ng4 1/2-1/2

[Event "15th European Team Championship (Women)"]
[Site "Gothenburg SWE"]
[Date "2005.08.06"]
[EventDate "2005.07.30"]
[Round "8"]
[Result "1-0"]
[White "Jana Jackova"]
[Black "Betul Cemre Yildiz"]
[WhiteElo "2386"]
[BlackElo "2155"]
[PlyCount "123"]

1. e4 c5 2. Nf3 e6 3. b3 d6 4. d4 cxd4 5. Nxd4 Nf6 6. Bd3 Nc6
7. Bb2 Nxd4 8. Bxd4 Bd7 9. O-O Bc6 10. Qe2 Be7 11. c4 O-O
12. Nd2 Nd7 13. Rad1 Bf6 14. Nf3 Ne5 15. Nxe5 Bxe5 16. Bc2 Qa5
17. Be3 Rad8 18. f4 Bf6 19. Bb1 Be7 20. Qb2 d5 21. cxd5 exd5
22. e5 d4 23. Bxd4 Rxd4 24. Rxd4 Bc5 25. Kh1 Bxd4 26. Qxd4 Rd8
27. Qe3 Rd2 28. Be4 Bxe4 29. Qxe4 Rxa2 30. Qxb7 h6 31. Qa8+
Kh7 32. Qe4+ Kh8 33. h3 Ra1 34. Rxa1 Qxa1+ 35. Kh2 Qc1 36. Qf3
Qc5 37. Qb7 Kg8 38. Qd7 g6 39. Qd8+ Kh7 40. Qf6 Qc7 41. b4 Qc4
42. Kg3 Qd5 43. f5 g5 44. Qd6 Qe4 45. e6 Qxf5 46. e7 Qe4
47. Qf6 Kg8 48. Kh2 Qe3 49. Qd6 Kg7 50. Qc5 Qf4+ 51. Kg1 Qe4
52. b5 Qe1+ 53. Kh2 f6 54. Qxa7 Qe5+ 55. Kh1 Qe1+ 56. Qg1 Qxe7
57. b6 Qe4 58. Qc1 Kg6 59. Qc7 f5 60. b7 f4 61. Qb6+ Kh5
62. b8=Q 1-0

[Event "European Youth Championship"]
[Site "Herceg Novi MNE"]
[Date "2006.09.18"]
[EventDate "2006.09.10"]
[Round "8"]
[Result "0-1"]
[White "Betul Cemre Yildiz"]
[Black "Valentina Gunina"]
[WhiteElo "2212"]
[BlackElo "2368"]
[PlyCount "98"]

1. e4 c5 2. Nc3 d6 3. g3 Nf6 4. Bg2 Nc6 5. d3 g6 6. h3 Bg7
7. Be3 e5 8. Qd2 Rb8 9. Nge2 b5 10. O-O Nd4 11. f4 O-O 12. g4
b4 13. Nd1 h5 14. g5 Nh7 15. h4 Nxe2+ 16. Qxe2 exf4 17. Bxf4
Bg4 18. Bf3 Bxf3 19. Qxf3 f6 20. Qh3 Kh8 21. Qh2 fxg5 22. Bxd6
Rxf1+ 23. Kxf1 Qf6+ 24. Nf2 Qxb2 25. Bxb8 Qxa1+ 26. Kg2 Qxa2
27. Qd6 Qxc2 28. Qxg6 Qa2 29. Be5 Qg8 30. Bxg7+ Qxg7 31. Qe8+
Nf8 32. Qxh5+ Kg8 33. hxg5 Qg6 34. Qh4 Ne6 35. Kf1 Qxg5
36. Qxg5+ Nxg5 37. Nd1 Kf7 38. Ke2 Ne6 39. Nb2 a5 40. Na4 Kf6
41. Ke3 Ke7 42. Nb6 Kd8 43. Kd2 Kc7 44. Nc4 a4 45. Kc2 Nd4+
46. Kb2 Kc6 47. Ka2 a3 48. Ne5+ Kb5 49. Nc4 Ne2 0-1

[Event "?"]
[Site "?"]
[Date "2006.10.21"]
[EventDate "?"]
[Round "3"]
[Result "0-1"]
[White "Betul Cemre Yildiz"]
[Black "Dronavalli Harika"]
[WhiteElo "2227"]
[BlackElo "2353"]
[PlyCount "110"]

1.e4 c5 2.Nf3 Nc6 3.Bb5 g6 4.Bxc6 dxc6 5.O-O Bg7 6.d3 Nf6
7.Re1 O-O 8.Nbd2 Ne8 9.a3 Nc7 10.Rb1 Nb5 11.h3 e5 12.Nc4 Qc7
13.Be3 b6 14.Qc1 Nd4 15.Nh2 Be6 16.c3 Nb5 17.Bh6 Rad8 18.Bxg7
Kxg7 19.a4 Rxd3 20.Nxe5 Qxe5 21.axb5 cxb5 22.f4 Qh5 23.Rf1 Rg3
24.Qe1 Qxh3 25.Rf2 Re8 26.Qd2 Qh6 27.Qd6 Bc4 28.f5 Rd3 29.Qc6
Red8 30.f6 Kg8 31.Nf1 Qg5 32.Qc7 R3d7 33.Qc6 Qe5 34.Ne3 Rd6
35.Qb7 R6d7 36.Qc6 Rc7 37.Rd2 Rf8 38.Qd6 Qxe4 39.Re1 Rcc8
40.Qg3 Rce8 41.Qh3 h5 42.Rf2 Re6 43.Qg3 Qe5 44.Qh4 Rfe8 45.Rf3
Bd3 46.Nc2 Qd6 47.Rxe6 Rxe6 48.Ne3 Qe5 49.Qf2 Be4 50.Rf4 Bd5
51.Nxd5 Qxd5 52.Rf3 Qd1 53.Kh2 Re1 54.Rf4 Rh1 55.Kg3 Qe1 0-1

[Event "European Individual Championships (Women)"]
[Site "Dresden GER"]
[Date "2007.04.03"]
[EventDate "2007.04.03"]
[Round "1"]
[Result "1-0"]
[White "Cristina-Adela Foisor"]
[Black "Betul Cemre Yildiz"]
[WhiteElo "2399"]
[BlackElo "2194"]
[PlyCount "109"]

1. Nf3 d5 2. g3 Nf6 3. Bg2 c6 4. d3 Bg4 5. Nbd2 Nbd7 6. h3 Bh5
7. O-O e6 8. Qe1 Be7 9. e4 dxe4 10. dxe4 O-O 11. a4 a5 12. Nc4
Nc5 13. Nfe5 Bg6 14. Nxg6 hxg6 15. Bg5 Nfd7 16. Bxe7 Qxe7
17. Nxa5 Ne5 18. Qc3 Qc7 19. Qxc5 Rxa5 20. Qc3 Rfa8 21. b3 c5
22. Rad1 Nc6 23. e5 Nxe5 24. Bxb7 Qxb7 25. Qxe5 c4 26. Qc3
cxb3 27. cxb3 Rh5 28. g4 Rd5 29. Qf3 Rb8 30. Rxd5 exd5 31. Rb1
Qd7 32. Qf4 Rd8 33. Qd4 Rb8 34. a5 Qb5 35. b4 Rc8 36. Rd1 Rc4
37. Qxd5 Qxd5 38. Rxd5 Rxb4 39. Kg2 Ra4 40. Kg3 Ra3+ 41. f3
Ra4 42. h4 Kf8 43. Re5 Ra1 44. Rb5 Ra4 45. Rb8+ Ke7 46. Rb7+
Ke6 47. Rb6+ Ke7 48. a6 Ra1 49. Kf4 Ra4+ 50. Ke5 Ra5+ 51. Kd4
Kd7 52. Rb7+ Ke6 53. a7 Ra1 54. Kc5 Ra2 55. Kc6 1-0

[Event "European Individual Championships (Women)"]
[Site "Dresden GER"]
[Date "2007.04.04"]
[EventDate "2007.04.03"]
[Round "2"]
[Result "1-0"]
[White "Betul Cemre Yildiz"]
[Black "Mihaela-Veronica Foisor"]
[WhiteElo "2194"]
[BlackElo "1973"]
[PlyCount "131"]

1. e4 e6 2. d4 d5 3. Nd2 Nf6 4. e5 Nfd7 5. Bd3 c5 6. c3 Nc6
7. Ne2 cxd4 8. cxd4 f6 9. exf6 Qxf6 10. Nf3 h6 11. O-O Bd6
12. Ng3 O-O 13. Be3 Rd8 14. Rc1 Nf8 15. Bb1 Bd7 16. Ne1 Be8
17. f4 Bg6 18. Bxg6 Nxg6 19. Ne2 Na5 20. b3 Nc6 21. Nd3 Rf8
22. Nc5 Qe7 23. Qc2 Bxc5 24. dxc5 Nh4 25. Nd4 Nf5 26. Nxf5
Rxf5 27. Bd2 Raf8 28. b4 e5 29. b5 Nd4 30. Qd3 Qf6 31. Be3 Ne6
32. fxe5 Qxe5 33. Rxf5 Qxf5 34. Qxf5 Rxf5 35. c6 bxc6 36. Rxc6
Re5 37. Bxa7 Kf7 38. b6 Re1+ 39. Kf2 Rb1 40. Rc2 d4 41. Rd2
Ke7 42. a4 Kd6 43. a5 Kd5 44. a6 Nc5 45. b7 Nxa6 46. Bxd4 Rxb7
47. Bxg7+ Ke4 48. Rd4+ Kf5 49. Bxh6 Rh7 50. Bf4 Nc5 51. Kf3
Ne6 52. Rd5+ Kf6 53. Rd6 Ra7 54. h4 Ra3+ 55. Kg4 Ra4 56. g3
Ke7 57. Rb6 Nxf4 58. gxf4 Kf7 59. Kg5 Ra7 60. h5 Kg7 61. f5
Rf7 62. f6+ Kh7 63. Re6 Rf8 64. Re7+ Kh8 65. Kg6 Rg8+ 66. Rg7
1-0

[Event "European Individual Championships (Women)"]
[Site "Dresden GER"]
[Date "2007.04.05"]
[EventDate "2007.04.03"]
[Round "3"]
[Result "1-0"]
[White "Anna Burtasova"]
[Black "Betul Cemre Yildiz"]
[WhiteElo "2314"]
[BlackElo "2194"]
[PlyCount "83"]

1. e4 c5 2. c3 d5 3. exd5 Qxd5 4. d4 Nf6 5. Nf3 Bg4 6. Qa4+
Bd7 7. Qb3 Qxb3 8. axb3 e6 9. dxc5 Bxc5 10. b4 Bb6 11. Nbd2
O-O 12. Nc4 Bc7 13. Be3 Nc6 14. b5 Ne7 15. Bc5 Nfd5 16. Nce5
Rfd8 17. c4 Bb6 18. Nd3 Bxc5 19. Nxc5 Nb4 20. Kd2 Bc8+ 21. Kc3
a5 22. Na4 Rd6 23. Be2 e5 24. Rhd1 Rxd1 25. Rxd1 Bf5 26. Nb6
Re8 27. Nxe5 f6 28. Nf3 Ng6 29. Nd4 Nf4 30. Bf3 Bg6 31. Bxb7
Nfd3 32. Bd5+ Kh8 33. Bc6 Rd8 34. Nd5 Nxf2 35. Re1 Ne4+
36. Rxe4 Bxe4 37. Nxb4 axb4+ 38. Kxb4 Rxd4 39. Kc5 Bxc6
40. bxc6 Rd8 41. b4 f5 42. b5 1-0

[Event "European Individual Championships (Women)"]
[Site "Dresden GER"]
[Date "2007.04.06"]
[EventDate "2007.04.03"]
[Round "4"]
[Result "0-1"]
[White "Betul Cemre Yildiz"]
[Black "Tatiana Stepovaia-Dianchenko"]
[WhiteElo "2194"]
[BlackElo "2360"]
[PlyCount "52"]

1. e4 c5 2. Nf3 Nc6 3. Bb5 g6 4. Bxc6 bxc6 5. O-O Bg7 6. d3 d6
7. Re1 f6 8. Be3 Nh6 9. h3 Nf7 10. d4 cxd4 11. Nxd4 Bd7
12. Nd2 O-O 13. c4 e5 14. N4b3 f5 15. f4 exf4 16. Bd4 Ne5
17. c5 fxe4 18. Nxe4 d5 19. Nd6 f3 20. Qd2 Nc4 21. Nxc4 Bxd4+
22. Kh2 Bg7 23. Ne3 fxg2 24. Nxg2 Qc7+ 25. Kh1 Bxh3 26. Qe3
Bf5 0-1

[Event "European Individual Championships (Women)"]
[Site "Dresden GER"]
[Date "2007.04.07"]
[EventDate "2007.04.03"]
[Round "5"]
[Result "1/2-1/2"]
[White "Mariam Danelia"]
[Black "Betul Cemre Yildiz"]
[WhiteElo "2065"]
[BlackElo "2194"]
[PlyCount "114"]

1. d4 d5 2. c4 c6 3. Nf3 Nf6 4. Nc3 e6 5. Bg5 h6 6. Bxf6 Qxf6
7. e3 Nd7 8. Bd3 dxc4 9. Bxc4 g6 10. O-O Bg7 11. b4 Qe7
12. Rb1 O-O 13. a4 Nb6 14. Ba2 Nd5 15. Nxd5 exd5 16. b5 Bg4
17. h3 Bd7 18. Ne1 Qg5 19. Kh1 Bf5 20. Rc1 Rac8 21. bxc6 bxc6
22. Nd3 Be4 23. f3 Bf5 24. Nb4 Bd7 25. Qd2 Rfe8 26. Rfe1 Bf8
27. Nd3 Bd6 28. f4 Qe7 29. Nc5 Bf5 30. Qa5 Rb8 31. Qd2 g5
32. fxg5 Qxg5 33. g4 Be4+ 34. Nxe4 Rxe4 35. Bb1 Bb4 36. Qh2
Rbe8 37. Bxe4 Bxe1 38. Rxe1 Rxe4 39. Qf2 Qe7 40. Kg2 Re6
41. Qd2 Qg5 42. Qb4 h5 43. Qb8+ Kg7 44. Qg3 Rg6 45. Kf3 Qf6+
46. Ke2 hxg4 47. hxg4 Qe7 48. Rg1 Qe4 49. Qe5+ Qxe5 50. dxe5
Rg5 51. Rc1 Rxg4 52. Rxc6 Rxa4 53. Rd6 Ra2+ 54. Kd3 Ra1
55. Kd4 Rd1+ 56. Kc5 Ra1 57. Kxd5 Ra5+ 1/2-1/2

[Event "European Individual Championships (Women)"]
[Site "Dresden GER"]
[Date "2007.04.08"]
[EventDate "2007.04.03"]
[Round "6"]
[Result "1/2-1/2"]
[White "Betul Cemre Yildiz"]
[Black "Margarida Coimbra"]
[WhiteElo "2194"]
[BlackElo "2061"]
[PlyCount "86"]

1. e4 e5 2. Nf3 Nc6 3. d4 exd4 4. Nxd4 Bc5 5. Be3 Qf6 6. c3
Nge7 7. Bc4 Ne5 8. Be2 Qg6 9. O-O d6 10. f4 Qxe4 11. Bf2 Bxd4
12. cxd4 N5g6 13. Nc3 Qxf4 14. Nb5 O-O 15. Nxc7 Rb8 16. d5 Qg5
17. Kh1 Bf5 18. Bxa7 Rbc8 19. Rc1 Nf4 20. Bf3 Nd3 21. Rc3 Ng6
22. Nb5 Rxc3 23. bxc3 Ra8 24. Bd4 Rxa2 25. Nxd6 Nde5 26. Nxf5
Qxf5 27. Qb1 Qc2 28. Bxe5 Qxb1 29. Rxb1 Nxe5 30. d6 b6 31. Kg1
g6 32. Rxb6 Rd2 33. Rb8+ Kg7 34. Rd8 Nc4 35. d7 Ne5 36. Re8
Nxf3+ 37. gxf3 Rxd7 38. Kf2 Rd2+ 39. Re2 Rd3 40. Re3 Rd2+
41. Kg3 Rc2 42. h3 g5 43. f4 h6 1/2-1/2

[Event "European Individual Championships (Women)"]
[Site "Dresden GER"]
[Date "2007.04.09"]
[EventDate "2007.04.03"]
[Round "7"]
[Result "0-1"]
[White "Galina Shmirina"]
[Black "Betul Cemre Yildiz"]
[WhiteElo "2115"]
[BlackElo "2194"]
[PlyCount "122"]

1. d4 Nf6 2. Nf3 e6 3. Bf4 b6 4. e3 Bb7 5. Nbd2 Be7 6. h3 c5
7. c3 O-O 8. Bd3 d5 9. O-O Nbd7 10. Qe2 Ne4 11. Ba6 Qc8
12. Bxb7 Qxb7 13. Nxe4 dxe4 14. Ne5 Nf6 15. Bg5 Rac8 16. Rfd1
Qc7 17. Qb5 Rfd8 18. a4 a5 19. Qe2 h6 20. Bf4 Nd5 21. Bg3 Bd6
22. Qg4 Nf6 23. Qe2 Nd5 24. Qg4 cxd4 25. exd4 f5 26. Qg6 Re8
27. c4 Nb4 28. Bf4 Qe7 29. b3 Red8 30. Bxh6 Bxe5 31. dxe5 Rd3
32. Rxd3 Nxd3 33. Bxg7 Nf4 34. Qh6 Qxg7 35. Qxf4 Rd8 36. Ra2
Rd3 37. h4 Rxb3 38. Rd2 Rd3 39. Rb2 Rf3 40. Qd2 Rd3 41. Qf4
Qc7 42. Qg5+ Kh7 43. Qh5+ Kg7 44. Qg5+ Kh7 45. Qf6 Qxc4
46. Qf7+ Kh8 47. Qh5+ Kg7 48. Qg5+ Kh7 49. Rxb6 Qc8 50. h5 Rd7
51. Qg6+ Kh8 52. Qh6+ Rh7 53. Qf6+ Rg7 54. Rb1 Kh7 55. Rd1 e3
56. h6 exf2+ 57. Kxf2 Qc2+ 58. Ke1 Qe4+ 59. Kf1 Qxg2+ 60. Ke1
Qe4+ 61. Kf1 Qf3+ 0-1

[Event "European Individual Championships (Women)"]
[Site "Dresden GER"]
[Date "2007.04.11"]
[EventDate "2007.04.03"]
[Round "8"]
[Result "1/2-1/2"]
[White "Betul Cemre Yildiz"]
[Black "Natalia Zdebskaja"]
[WhiteElo "2194"]
[BlackElo "2335"]
[PlyCount "85"]

1. e4 c5 2. Nf3 d6 3. c3 Nf6 4. Be2 Bd7 5. d3 e5 6. O-O Be7
7. Nbd2 Nc6 8. Re1 O-O 9. Bf1 b5 10. d4 cxd4 11. cxd4 Qb6
12. Nb3 Rac8 13. Be3 Qb8 14. dxe5 dxe5 15. Nc5 Bg4 16. Rc1
Rfd8 17. Qb3 Bxf3 18. gxf3 Nd4 19. Bxd4 exd4 20. Na6 Qf4
21. Rxc8 Rxc8 22. e5 Nh5 23. Qxb5 Bh4 24. Qb7 Qg5+ 25. Kh1 Rf8
26. f4 Qxf4 27. Qg2 Bxf2 28. Re4 Qf5 29. Nc5 Rc8 30. b4 Be3
31. Be2 Nf4 32. Bg4 Qg6 33. Rxf4 Bxf4 34. Bxc8 Qb1+ 35. Qg1
Qxb4 36. Nd3 Qd2 37. Bf5 g6 38. e6 Be3 39. Qe1 Qxa2 40. Nb4
Qa5 41. e7 Qe5 42. Qh4 Bf4 43. Nd3 1/2-1/2

[Event "European Individual Championships (Women)"]
[Site "Dresden GER"]
[Date "2007.04.12"]
[EventDate "2007.04.03"]
[Round "9"]
[Result "0-1"]
[White "Betul Cemre Yildiz"]
[Black "Regina Pokorna"]
[WhiteElo "2194"]
[BlackElo "2343"]
[PlyCount "68"]

1. e4 e5 2. Nf3 Nc6 3. d4 exd4 4. Nxd4 Nf6 5. Nxc6 bxc6 6. e5
Ne4 7. Nd2 Nc5 8. Nf3 d5 9. exd6 cxd6 10. Be2 Be7 11. O-O O-O
12. Nd4 Bd7 13. Bf3 d5 14. c4 Ne4 15. cxd5 cxd5 16. Be3 Bf6
17. Rc1 Rb8 18. b3 Re8 19. Qd3 Qe7 20. Nc6 Bxc6 21. Rxc6 Rbd8
22. Rfc1 d4 23. Bf4 Nc3 24. Qd2 Nxa2 25. Rf1 Nc3 26. Rc7 Rd7
27. Rxd7 Qxd7 28. Qd3 Qe6 29. h3 Qxb3 30. Ra1 Qe6 31. Rxa7 g6
32. Ra6 Qe1+ 33. Kh2 Bg7 34. Bc6 Re2 0-1

[Event "European Individual Championships (Women)"]
[Site "Dresden GER"]
[Date "2007.04.13"]
[EventDate "2007.04.03"]
[Round "10"]
[Result "0-1"]
[White "Alexandra Wilson"]
[Black "Betul Cemre Yildiz"]
[WhiteElo "2034"]
[BlackElo "2194"]
[PlyCount "48"]

1. e4 c5 2. Nf3 e6 3. d4 cxd4 4. Nxd4 a6 5. c4 Nf6 6. Nc3 Qc7
7. a3 b6 8. Be3 Bb7 9. f3 d6 10. Be2 Nbd7 11. O-O Be7 12. b4
Rc8 13. Rc1 Qb8 14. Kh1 O-O 15. Qb3 Bd8 16. Rfd1 Bc7 17. g3
Qa8 18. Nc2 Rfd8 19. Rd2 d5 20. cxd5 exd5 21. Nxd5 Nxd5
22. exd5 Nf6 23. Bg5 Bxd5 24. Qd3 Ne4 0-1

[Event "European Individual Championships (Women)"]
[Site "Dresden GER"]
[Date "2007.04.14"]
[EventDate "2007.04.03"]
[Round "11"]
[Result "1-0"]
[White "Betul Cemre Yildiz"]
[Black "Anna Sharevich"]
[WhiteElo "2194"]
[BlackElo "2323"]
[PlyCount "99"]

1. e4 c5 2. Nf3 e6 3. d4 cxd4 4. Nxd4 a6 5. Bd3 Bc5 6. Nb3 Be7
7. Be3 d6 8. N1d2 Nf6 9. Qe2 Qc7 10. f4 Nbd7 11. O-O-O e5
12. f5 d5 13. g4 d4 14. Bf2 Nb6 15. Bg3 Na4 16. Nc4 Nd7
17. Nxd4 b5 18. Nxe5 Nxe5 19. Bxb5+ axb5 20. Qxb5+ Bd7
21. Qxe5 Qxe5 22. Bxe5 O-O 23. Bf4 Rfc8 24. e5 Bc6 25. Rhe1
Bd5 26. Nb3 Bxb3 27. axb3 Nc5 28. Kb1 Ra6 29. b4 Rca8 30. Kc1
Ne4 31. c3 Nf2 32. Rd7 Bh4 33. Re2 g5 34. Bd2 Nxg4 35. c4 Re8
36. Bc3 Ra1+ 37. Kc2 Rh1 38. e6 fxe6 39. fxe6 Rxh2 40. Rg7+
Kf8 41. e7+ Rxe7 42. Rgxe7 Rxe2+ 43. Rxe2 Bg3 44. Bd2 Ne5
45. c5 Nf3 46. Bc3 h5 47. b5 h4 48. b6 h3 49. c6 h2 50. c7 1-0

[Event "European Club Cup (Women)"]
[Site "Antalya TUR"]
[Date "2007.10.03"]
[EventDate "2007.10.03"]
[Round "1"]
[Result "0-1"]
[White "Sopio Gvetadze"]
[Black "Betul Cemre Yildiz"]
[WhiteElo "2371"]
[BlackElo "2220"]
[PlyCount "134"]

1. e4 c5 2. Na3 e6 3. c3 d5 4. Bb5+ Nc6 5. Bxc6+ bxc6 6. d3
Ba6 7. e5 Qc7 8. Nf3 Ne7 9. O-O Ng6 10. Re1 Be7 11. c4 O-O
12. h4 Rfd8 13. h5 Nf8 14. Qa4 Bc8 15. Bf4 Rb8 16. Qc2 Qb6
17. Re2 Rb7 18. Nb1 Qb4 19. b3 Bd7 20. Nc3 Be8 21. h6 f5
22. hxg7 Kxg7 23. Na4 Qa5 24. Nh2 Ng6 25. Bd2 Qc7 26. Rae1 Bf7
27. Qc1 Kh8 28. Qa3 Rbb8 29. Nf3 Rg8 30. Nxc5 Nf8 31. d4 Bh5
32. b4 Bxc5 33. dxc5 Qg7 34. g3 Qg4 35. Nh2 Qxc4 36. Re3 f4
37. Rd3 fxg3 38. Rxg3 Nd7 39. Qxa7 Rxg3+ 40. fxg3 Qd4+ 41. Be3
Qxb4 42. Bf2 Rb7 43. Qa6 Nxc5 44. Qxc6 Nd3 45. Rf1 Be2
46. Qc8+ Kg7 47. a3 Qe7 48. Be3 Bxf1 49. Bg5 Qc5+ 50. Qxc5
Nxc5 51. Nxf1 Ne4 52. Bf4 Ra7 53. Bc1 Rc7 54. Be3 Rc3 55. Bf4
Rxa3 56. Kg2 d4 57. Bc1 Ra2+ 58. Kf3 Rf2+ 59. Kxe4 Rxf1
60. Bb2 d3 61. Bc3 Kg6 62. Bd2 Rf2 63. Ke3 Rxd2 64. Kxd2 Kf5
65. Kxd3 Kxe5 66. Ke3 Kf5 67. Kf3 h5 0-1

[Event "European Club Cup (Women)"]
[Site "Antalya TUR"]
[Date "2007.10.04"]
[EventDate "2007.10.03"]
[Round "2"]
[Result "1-0"]
[White "Betul Cemre Yildiz"]
[Black "Alexandra Khudaya"]
[WhiteElo "2220"]
[BlackElo "2086"]
[PlyCount "69"]

1. e4 c5 2. Nf3 Nc6 3. Bb5 g6 4. Bxc6 dxc6 5. d3 Bg7 6. h3 Nf6
7. Nc3 O-O 8. Be3 b6 9. Qd2 Ne8 10. Bh6 Qc7 11. O-O-O e5
12. Nh2 f6 13. Ne2 Be6 14. Bxg7 Qxg7 15. f4 Nd6 16. fxe5 fxe5
17. Nf3 Nb5 18. Qg5 Rae8 19. Rdf1 Bd7 20. h4 h6 21. Qg3 h5
22. Rf2 Bg4 23. Rhf1 a5 24. Neg1 c4 25. dxc4 Nd6 26. Nd2 Rxf2
27. Rxf2 Rd8 28. Ngf3 Re8 29. Ng5 Be6 30. Qc3 b5 31. cxb5 cxb5
32. Qc5 Qe7 33. Qxe5 Qd7 34. Rf6 Nc4 35. Rxg6+ 1-0

[Event "European Club Cup (Women)"]
[Site "Antalya TUR"]
[Date "2007.10.05"]
[EventDate "2007.10.03"]
[Round "3"]
[Result "1-0"]
[White "Pia Cramling"]
[Black "Betul Cemre Yildiz"]
[WhiteElo "2533"]
[BlackElo "2220"]
[PlyCount "89"]

1. d4 d5 2. Nf3 Nf6 3. c4 c6 4. Nc3 e6 5. Bg5 h6 6. Bxf6 Qxf6
7. a3 dxc4 8. Ne5 Nd7 9. Nxc4 Qd8 10. g3 Be7 11. Bg2 O-O
12. O-O Nb6 13. Ne5 Qc7 14. Rc1 Rd8 15. e3 Bd7 16. b4 Rac8
17. Qb3 Be8 18. Ne4 Qb8 19. Rc2 Nd5 20. Bh3 b6 21. Rfc1 a5
22. bxa5 bxa5 23. Qa2 c5 24. Nxc5 Bxc5 25. Rxc5 Rxc5 26. Rxc5
a4 27. Bf1 Qb3 28. Bc4 Qd1+ 29. Kg2 Nc3 30. Qb2 Ne4 31. Rc7
Qe1 32. Bd3 Rb8 33. Qc2 Nf6 34. Rc8 Rxc8 35. Qxc8 Qa5 36. Ng4
Kf8 37. Nxf6 gxf6 38. Be4 Qb5 39. Qc5+ Qxc5 40. dxc5 f5
41. Ba8 Ke7 42. Kf3 Bb5 43. e4 Kd7 44. exf5 exf5 45. Ke3 1-0